00525nam a2200157Ia 4500008004100000020001500041082001400056100002400070245010500094250000800199260004100207300002900248500001900277600002100296650005000317240925s9999 xx 000 0 und d a8178670437 a003.3 ZEI aZeigler ,Bernard P. 0aTheory of Modeling and Simulation: integrating discrete event and continuous complex dynamic systems a2nd aNew Delhi:bTata McGraw Hillc,2000. aix,1120p.bNAfPhotocopy aIncludes Index aComputer Science aComputer science, information & general works